| 000 | 00533nam a22001817a 4500 | ||
|---|---|---|---|
| 003 | 0 | ||
| 005 | 20231128085459.0 | ||
| 008 | 231128b xxu||||| |||| 00| 0 eng d | ||
| 020 | _a978-0-7460-6051-3 | ||
| 050 |
_aTR _bHun936 2019 |
||
| 082 |
_aTR _bHun936 2019 |
||
| 100 | _aAmery, Heather | ||
| 245 |
_aThe hungry donkey _cHeather Amery |
||
| 260 |
_aLondon _bUsborne Publishing, Ltd. _cc2019. |
||
| 300 |
_a15 pages : _bcolored illustrations ; _c21 cm. |
||
| 650 | _aChildren's stories--study and teaching. | ||
| 942 |
_2ddc _cBK |
||
| 999 |
_c365675 _d365675 |
||